Europa de 1815 a nuestros días : vida política y relaciones internacionales / Jean Baptiste Duroselle vida política y relaciones internacionales / Jean Baptiste Duroselle
Descripción Física:
330 p. : map. ; 20 cm
Colección:
Nueva Clio ; 38
Materias:
Europa -- Història -- S. XIX/XX
MARC
| LEADER | 00000nam a2200000Ia 4500 | ||
|---|---|---|---|
| 001 | 1769 | ||
| 008 | 160829s1983 xx 000 0 cat d | ||
| 080 | |a H-1-205 | ||
| 100 | |a Duroselle, Jean Baptiste |9 37753 | ||
| 245 | |a Europa de 1815 a nuestros días : |b vida política y relaciones internacionales / Jean Baptiste Duroselle | ||
| 250 | |a 7a ed. | ||
| 260 | |a Barcelona : |b Labor, |c 1983 | ||
| 300 | |a 330 p. : |b map. ; |c 20 cm | ||
| 490 | |a Nueva Clio ; 38 | ||
| 650 | |a Europa |x Història |x S. XIX/XX |9 37754 | ||
| 901 | |a Arxiu | ||
| 942 | |n 1 | ||
| 952 | |0 0 |1 0 |4 0 |6 H1205 |7 1 |9 48046 |a Arxiu |b Arxiu |d 2016-12-01 |l 0 |o H-1-205 |p 1769 |r 2016-12-01 00:00:00 |w 2016-12-01 |y ARXIU | ||
| 999 | |c 51849 |d 51849 | ||